00302 a2200121 450000500170000000800410001702000180005804100080007610000190008424500510010326000180015430000080017220240925141735.0240306b |||||||| |||| 00| 0 eng d a9788131717158 aeng a Jackson J.C. aWeb TechnologiescComputer Science Perspective bPearsonc2007 a590